Is it MEES your looking for? (Record no. 121931)

MARC details
000 -LEADER
fixed length control field 01034nab a22001937a 4500
007 - PHYSICAL DESCRIPTION FIXED FIELD--GENERAL INFORMATION
fixed length control field ta
008 - FIXED-LENGTH DATA ELEMENTS--GENERAL INFORMATION
fixed length control field 240515t20241505XXK|||||o|||| 00| 0 eng d
041 ## - LANGUAGE CODE
Language code of text/sound track or separate title eng
110 ## - MAIN ENTRY--CORPORATE NAME
Corporate author Devonshires
9 (RLIN) 655
245 ## - TITLE STATEMENT
Title Is it MEES your looking for?
Subtitle Energy Performance Certificates & the Minimum Energy Efficiency Standards
260 ## - PUBLICATION INFORMATION
Publisher Devonshires,
Date May 2024
520 ## - ABSTRACT
Abstract Devonshires look at Energy Performance Certificates (what they are, when you need them and how long they last) and the Minimum Energy Efficiency Standard (what it is, when it applies and what works you might, as a landlord, be required to undertake). We’ll cover both residential and commercial rented buildings – as both are relevant to both.
650 ## - KEYWORDS
Keywords ENERGY PERFORMANCE
650 ## - KEYWORDS
Keywords ENERGY PERFORMANCE CERTIFICATES
650 ## - KEYWORDS
Keywords MINIMUM ENERGY EFFICIENCY STANDARDS
650 ## - KEYWORDS
Keywords PROPERTY STANDARDS
651 ## - SUBJECT ADDED ENTRY--GEOGRAPHIC NAME
Geographic name England
856 ## - ONLINE RESOURCE
Uniform Resource Identifier https://devonshires.foleon.com/its-the-law/its-the-law-is-it-mees-your-looking-for/
Public note Available from Devonshires website
Holdings
Withdrawn status Lost status Damaged status Not for loan Home library Current library Shelving location Date acquired Total Checkouts Date last seen Price effective from Koha item type
        Virtual Virtual Online 15/05/2024   15/05/2024 15/05/2024 Journal article